01396cam a22003617a 4500003000500000005001700005008004100022010001000063011001000073035001000083040000900093090001000102100003500112245017700147260004100324300002200365502007700387590003700464590004100501590004100542590004100583590004100624590004200665650003200707650003100739650002600770901000700796905002400803942001000827949005100837999001700888952012900905CHAP20220329142831.0040608d2003 mx r 00110 spa d a88451 a89423 a99974 cCHAP aTesis00aVásquez Soto, David.912026710aAnálisis de la productividad y el proceso de transferencia en los distritos de riego en México a partir de indicadores técnico-económicosc/por David Vázquez Soto aChapingo, Méx. :bEl autor,c2003. a81 h. ;bgráfs. aTesis (M.C. Programa de Hidrociencias) -- C.P. Programa de Hidrociencias aALEPHb10c20130110lUCH01h1458 aBATCH-UPDb10c20130110lUCH01h0332 aBATCH-UPDb10c20130110lUCH01h1656 aBATCH-UPDb10c20130410lUCH01h0005 aBATCH-UPDb10c20130914lUCH01h1210 aCONVERSIONb10c20130109lUCH01h134914aAgua para irrigacion.9243014aDistritos de riego.93296614aProductividad.991868 aBK aMayto Villalobos S. cTESIS aTesisbBCcTESd99974123eTS1h41467i99974sb c88451d88451 00102local4051708TESISaBCbBCcPA_TESISd2019-12-31fTESISl0oTesisp99974123r2019-12-31 00:00:00w2019-12-31yTESIS